[Event "CEDIS Festival saha - 4. turnir"]
[Site "?"]
[Date "2022.09.02"]
[Round "1.1"]
[White "Soc, Bogdan"]
[Black "Alivodic, Dario"]
[Result "0-1"]
[WhiteElo "1657"]
[BlackElo "2243"]
[PlyCount "50"]
[SourceVersionDate "2022.09.03"]

1. d4 d5 2. c4 e6 3. Nc3 c6 4. Nf3 dxc4 5. a4 Bb4 6. e3 b5 7. Be2 Bb7 8. O-O a6
9. Qc2 Be7 10. b3 b4 11. Ne4 c3 12. Rd1 Nd7 13. Ng3 Ngf6 14. a5 c5 15. dxc5 Qc7
16. Nd4 Nxc5 17. f3 O-O 18. e4 Bd6 19. Nf1 Rad8 20. Be3 Rd7 21. Bf2 Rfd8 22. g3
Be5 23. Nxe6 fxe6 24. Rxd7 Rxd7 25. Ne3 Rd2 0-1

[Event "CEDIS Festival saha - 4. turnir"]
[Site "?"]
[Date "2022.09.02"]
[Round "1.2"]
[White "Scekic, Veljko"]
[Black "Samardzic, Slavisa"]
[Result "1/2-1/2"]
[WhiteElo "2163"]
[BlackElo "1608"]
[PlyCount "41"]
[SourceVersionDate "2022.09.03"]

1. e4 e5 2. Nf3 Nc6 3. Bb5 a6 4. Ba4 Nf6 5. O-O Be7 6. Qe2 b5 7. Bb3 O-O 8. c3
d6 9. h3 Na5 10. Bc2 c5 11. Rd1 Qc7 12. d3 h6 13. Nbd2 Be6 14. Nf1 Rac8 15. g4
Nh7 16. Ng3 Rfe8 17. Kh2 Ng5 18. Ne1 d5 19. h4 Nh7 20. Ng2 Nc6 21. Nf5 1/2-1/2

[Event "CEDIS Festival saha - 4. turnir"]
[Site "?"]
[Date "2022.09.02"]
[Round "1.3"]
[White "Lakusic, Zoran"]
[Black "Vujacic, Igor"]
[Result "0-1"]
[WhiteElo "1602"]
[BlackElo "2156"]
[PlyCount "64"]
[SourceVersionDate "2022.09.04"]

1. c4 Nf6 2. Nc3 g6 3. Nf3 Bg7 4. d4 O-O 5. e4 d6 6. Bg5 c5 7. Bxf6 Bxf6 8. d5
a6 9. Be2 b5 10. Qd2 Nd7 11. O-O Qa5 12. cxb5 axb5 13. Rfd1 b4 14. Nb5 Qa4 15.
a3 Ba6 16. axb4 Qxb4 17. Qxb4 cxb4 18. Kf1 Nc5 19. e5 dxe5 20. Rac1 Nb3 21. Rc7
Bxb5 22. Bxb5 Ra2 23. d6 exd6 24. Rxd6 Ra1+ 25. Ke2 e4 26. Rxf6 exf3+ 27. Kxf3
Nd4+ 28. Kg3 Nxb5 29. Rb7 Nd4 30. Rxb4 Ne6 31. Rb7 Nc5 32. Rf4 Nxb7 0-1

[Event "CEDIS Festival saha - 4. turnir"]
[Site "?"]
[Date "2022.09.02"]
[Round "1.4"]
[White "Djukanovic, Sreten"]
[Black "Djukic, Katarina"]
[Result "1-0"]
[WhiteElo "2155"]
[BlackElo "1536"]
[PlyCount "69"]
[SourceVersionDate "2022.09.04"]

1. d4 Nf6 2. c4 g6 3. Nc3 Bg7 4. e4 d6 5. Nf3 O-O 6. Be2 e5 7. O-O Nc6 8. dxe5
dxe5 9. Bg5 Qxd1 10. Rfxd1 Be6 11. Nd5 Nxe4 12. Nxc7 Rac8 13. Nxe6 fxe6 14. Be3
Rfd8 15. Kf1 Nd4 16. Rac1 Nxe2 17. Kxe2 a6 18. Rxd8+ Rxd8 19. Rd1 Rxd1 20. Kxd1
Kf7 21. Kc2 Ke8 22. c5 Ke7 23. Kd3 Nf6 24. Nxe5 Nd5 25. Bg5+ Ke8 26. Nc4 Nb4+
27. Ke4 Nxa2 28. Bd2 Kd7 29. Ne5+ Ke7 30. f4 Kf6 31. g4 Bf8 32. Kd3 a5 33. Nd7+
Kf7 34. Nxf8 Kxf8 35. Kc4 1-0

[Event "CEDIS Festival saha - 4. turnir"]
[Site "?"]
[Date "2022.09.02"]
[Round "1.5"]
[White "Grbovic, Dino"]
[Black "Vesovic, Nebojsa"]
[Result "0-1"]
[WhiteElo "1353"]
[BlackElo "1846"]
[PlyCount "77"]
[SourceVersionDate "2022.09.04"]

1. e4 c5 2. Nc3 a6 3. f4 Nc6 4. a4 d6 5. Bc4 Nf6 6. h3 e6 7. Ba2 d5 8. e5 d4 9.
Nce2 Nd5 10. Nf3 Be7 11. O-O g6 12. d3 Qc7 13. Bxd5 exd5 14. c3 dxc3 15. bxc3
b6 16. d4 O-O 17. Kh1 Rd8 18. Rg1 Rb8 19. g4 Na5 20. f5 Nc4 21. f6 Bf8 22. Qe1
cxd4 23. cxd4 Qc6 24. Qh4 Be6 25. Bh6 Qe8 26. Ng5 Qc6 27. Nf4 Nxe5 28. dxe5 d4+
29. Kh2 Bc4 30. Nxh7 Bc5 31. Bg7 Qe4 32. Ng2 Qxe5+ 33. Kh1 Bd6 34. Nf4 Qxf4 35.
Rg2 Bd5 36. Kg1 Bxg2 37. Kxg2 Rbc8 38. Ra2 Qh2+ 39. Kf3 0-1

[Event "CEDIS Festival saha - 4. turnir"]
[Site "?"]
[Date "2022.09.03"]
[Round "2.1"]
[White "Alivodic, Dario"]
[Black "Djukanovic, Sreten"]
[Result "1-0"]
[WhiteElo "2243"]
[BlackElo "2155"]
[PlyCount "65"]
[SourceVersionDate "2022.09.04"]

1. d4 c5 2. e3 Nf6 3. Nf3 g6 4. Be2 Bg7 5. O-O O-O 6. d5 d6 7. c4 b5 8. cxb5 a6
9. Nc3 axb5 10. Bxb5 Qa5 11. Nd2 Ba6 12. Nc4 Qc7 13. Rb1 Ne4 14. Qc2 Nxc3 15.
bxc3 Bxb5 16. Rxb5 Nd7 17. Bd2 Ne5 18. Nxe5 Bxe5 19. a4 c4 20. Rfb1 Ra6 21. e4
f5 22. Rb7 Qc5 23. Bh6 Re8 24. exf5 Qxd5 25. fxg6 Qd3 26. Rxe7 Raa8 27. gxh7+
Kh8 28. Rxe8+ Rxe8 29. Qxd3 cxd3 30. Rd1 d5 31. Rxd3 d4 32. Kf1 Kxh7 33. Bd2
1-0

[Event "CEDIS Festival saha - 4. turnir"]
[Site "?"]
[Date "2022.09.03"]
[Round "2.2"]
[White "Vujacic, Igor"]
[Black "Mitric, Nebojsa"]
[Result "1-0"]
[WhiteElo "2156"]
[BlackElo "1815"]
[PlyCount "61"]
[SourceVersionDate "2022.09.04"]

1. e4 c6 2. d4 d6 3. Nc3 Qc7 4. h3 e5 5. Nf3 h6 6. Be3 Nf6 7. a4 a5 8. Bc4 Nbd7
9. O-O Be7 10. Re1 O-O 11. Bb3 Re8 12. Nh4 Nf8 13. Qf3 Be6 14. Nf5 Bxb3 15.
cxb3 Ng6 16. h4 Bf8 17. Nxh6+ gxh6 18. dxe5 Nd7 19. exd6 Qxd6 20. Rad1 Qe6 21.
h5 Nge5 22. Qg3+ Kh7 23. f4 Qxb3 24. fxe5 Nxe5 25. Rf1 Qe6 26. Rf5 Bb4 27. Rdf1
Re7 28. Bd4 Bd6 29. Rf6 Qd7 30. R1f5 Rg8 31. Qf4 1-0

[Event "CEDIS Festival saha - 4. turnir"]
[Site "?"]
[Date "2022.09.03"]
[Round "2.3"]
[White "Vesovic, Nebojsa"]
[Black "Dedic, Slavko"]
[Result "1/2-1/2"]
[WhiteElo "1846"]
[BlackElo "1814"]
[PlyCount "119"]
[SourceVersionDate "2022.09.04"]

1. d4 d5 2. Nf3 e6 3. e3 Nf6 4. Bd3 Bd6 5. h3 Nbd7 6. Nbd2 e5 7. dxe5 Nxe5 8.
Nxe5 Bxe5 9. Nf3 Bd6 10. Qe2 O-O 11. Bd2 Ne4 12. O-O-O Nxd2 13. Rxd2 a5 14. Kb1
a4 15. a3 Qe7 16. c4 dxc4 17. Bxc4 Bf5+ 18. Bd3 Bd7 19. Nd4 g6 20. h4 Be5 21.
Nf3 Bg4 22. Qf1 Bf6 23. Nh2 Be6 24. h5 Qc5 25. hxg6 hxg6 26. e4 Rfd8 27. f4 Qe3
28. Rd1 Bb3 29. Ng4 Qb6 30. Nxf6+ Qxf6 31. e5 Qe6 32. Rc1 c6 33. Qe2 Kg7 34. g4
Qd7 35. Be4 Bd5 36. Bxd5 Qxd5 37. Rcd1 Qe6 38. f5 Rxd1+ 39. Rxd1 gxf5 40. Rd6
Qe7 41. gxf5 Qg5 42. f6+ Kh7 43. Rd1 Qg6+ 44. Ka2 Rh8 45. Qf2 Qh5 46. Rd4 Kg6
47. Qg3+ Kf5 48. Rf4+ Ke6 49. Re4 Qh3 50. Qxh3+ Rxh3 51. Rxa4 Kxe5 52. Ra7 Rf3
53. Rxb7 Rxf6 54. Kb3 Kd6 55. Kc4 Rf4+ 56. Kd3 Rf1 57. Ke2 Rf5 58. b3 Re5+ 59.
Kf3 f6 60. Rb8 1/2-1/2

[Event "CEDIS Festival saha - 4. turnir"]
[Site "?"]
[Date "2022.09.03"]
[Round "2.4"]
[White "Samardzic, Slavisa"]
[Black "Soc, Bogdan"]
[Result "1-0"]
[WhiteElo "1608"]
[BlackElo "1657"]
[PlyCount "47"]
[SourceVersionDate "2022.09.04"]

1. e4 c5 2. c3 Nf6 3. e5 Nd5 4. d4 cxd4 5. Nf3 e6 6. cxd4 Nc6 7. Bc4 Nb6 8. Bb3
Be7 9. O-O O-O 10. Nc3 d6 11. Qe2 dxe5 12. dxe5 a6 13. Rd1 Qc7 14. Bf4 Bd7 15.
Bg3 Rfd8 16. Ne4 Bf8 17. Rac1 Be8 18. Nd6 Bd7 19. Bc2 h6 20. Qe4 g6 21. Nxf7
Bg7 22. Qxg6 Be8 23. Nxh6+ Kf8 24. Qxe6 1-0

[Event "CEDIS Festival saha - 4. turnir"]
[Site "?"]
[Date "2022.09.03"]
[Round "2.6"]
[White "Djukic, Katarina"]
[Black "Grbovic, Dino"]
[Result "1/2-1/2"]
[WhiteElo "1536"]
[BlackElo "1353"]
[PlyCount "36"]
[SourceVersionDate "2022.09.04"]

1. e4 c5 2. c3 d5 3. exd5 Qxd5 4. d4 cxd4 5. Qxd4 Qxd4 6. cxd4 Nf6 7. Nf3 Nc6
8. Bc4 Bg4 9. Nbd2 e6 10. h3 Bxf3 11. Nxf3 O-O-O 12. Be3 Bb4+ 13. Ke2 h6 14.
Rhd1 Ba5 15. Ne5 Nxe5 16. dxe5 Rxd1 17. Rxd1 Nd7 18. f4 Bb6 1/2-1/2

[Event "CEDIS Festival saha - 4. turnir"]
[Site "?"]
[Date "2022.09.03"]
[Round "3.1"]
[White "Vesovic, Nebojsa"]
[Black "Alivodic, Dario"]
[Result "0-1"]
[WhiteElo "1846"]
[BlackElo "2243"]
[PlyCount "42"]
[SourceVersionDate "2022.09.04"]

1. d4 d5 2. Nf3 e6 3. Bf4 Bd6 4. Qd2 Nf6 5. Bxd6 Qxd6 6. Nc3 O-O 7. O-O-O Nbd7
8. Qg5 b5 9. e3 b4 10. Nb1 Ne4 11. Qh4 Ba6 12. Ng5 Nxg5 13. Qxg5 Rfc8 14. h4 c5
15. Bxa6 Qxa6 16. Qe7 Nf6 17. dxc5 Rc6 18. e4 Re8 19. Qxe8+ Nxe8 20. exd5 Rxc5
21. dxe6 fxe6 0-1

[Event "CEDIS Festival saha - 4. turnir"]
[Site "?"]
[Date "2022.09.03"]
[Round "3.2"]
[White "Djukanovic, Sreten"]
[Black "Samardzic, Slavisa"]
[Result "1-0"]
[WhiteElo "2155"]
[BlackElo "1608"]
[PlyCount "119"]
[SourceVersionDate "2022.09.04"]

1. d4 Nf6 2. c4 e6 3. Nc3 Bb4 4. Qc2 c5 5. dxc5 Na6 6. a3 Bxc5 7. b4 Be7 8. e4
e5 9. Nf3 d6 10. Be2 Nc7 11. O-O O-O 12. Rd1 Qe8 13. h3 Be6 14. Be3 b6 15. Rac1
Qc6 16. Nd5 Bxd5 17. exd5 Qe8 18. Nxe5 dxe5 19. d6 Bxd6 20. Rxd6 Qe7 21. Rdd1
Rac8 22. Qf5 Qe6 23. Qf3 e4 24. Qg3 Qf5 25. Rd6 Ne6 26. Rcd1 Qg6 27. Qe5 Rfe8
28. Qb5 h6 29. Qa4 Re7 30. Rc6 Rcc7 31. Rxc7 Rxc7 32. Qb5 Kh7 33. Qe5 Rc8 34.
c5 bxc5 35. bxc5 Ne8 36. Rd7 N8c7 37. Bh5 Qf6 38. Qxe4+ g6 39. Bg4 Rd8 40. Rxd8
Qxd8 41. Qe5 Qd7 42. Qd6 Qa4 43. Qd3 Qc6 44. Bf3 Qe8 45. h4 Qh8 46. Qd7 Qa1+
47. Kh2 Qe5+ 48. g3 Qf5 49. Bg2 Kg7 50. c6 h5 51. Bxa7 Qa5 52. Bb8 Qb6 53. Qc8
g5 54. Qb7 Qxf2 55. Bxc7 gxh4 56. Be5+ Kg6 57. Qb1+ Kh6 58. Qf1 hxg3+ 59. Bxg3
Qa7 60. Qf6+ 1-0

[Event "CEDIS Festival saha - 4. turnir"]
[Site "?"]
[Date "2022.09.03"]
[Round "3.3"]
[White "Mitric, Nebojsa"]
[Black "Scekic, Veljko"]
[Result "0-1"]
[WhiteElo "1815"]
[BlackElo "2163"]
[PlyCount "110"]
[SourceVersionDate "2022.09.04"]

1. d4 Nf6 2. Nf3 g6 3. g3 Bg7 4. Bg2 O-O 5. O-O d6 6. b3 Nc6 7. Bb2 e5 8. dxe5
Ng4 9. Nbd2 Ngxe5 10. Rb1 d5 11. Nxe5 Nxe5 12. h3 c6 13. f4 Nd7 14. Bxg7 Kxg7
15. e4 dxe4 16. Nxe4 Nf6 17. Nd6 Be6 18. c4 Qb6+ 19. Kh2 Rad8 20. Rb2 Ne8 21.
Rd2 Rxd6 22. Rxd6 Nxd6 23. Qxd6 Rd8 24. Qe5+ Kg8 25. Re1 Qd4 26. Qxd4 Rxd4 27.
Re2 h5 28. Be4 Kg7 29. Kg2 a5 30. Bf3 a4 31. Re4 Rd2+ 32. Re2 Rd3 33. bxa4 Bxc4
34. Rb2 Ba6 35. Be2 Ra3 36. Bd1 c5 37. f5 h4 38. gxh4 gxf5 39. h5 c4 40. Rf2 f4
41. Rxf4 Rxa2+ 42. Rf2 Ra3 43. h6+ Kxh6 44. Rxf7 c3 45. Bc2 Bc4 46. Rh7+ Kg5
47. h4+ Kf4 48. Rc7 Bd5+ 49. Kf2 Ra2 50. Rxc3 Be4 51. Ke2 Rxc2+ 52. Rxc2 Bxc2
53. a5 Ba4 54. Kd3 Bb5+ 55. Kd4 Kg4 0-1

[Event "CEDIS Festival saha - 4. turnir"]
[Site "?"]
[Date "2022.09.03"]
[Round "3.5"]
[White "Soc, Bogdan"]
[Black "Djukic, Katarina"]
[Result "1-0"]
[WhiteElo "1657"]
[BlackElo "1536"]
[PlyCount "57"]
[SourceVersionDate "2022.09.04"]

1. d4 Nf6 2. c4 g6 3. Nc3 Bg7 4. e4 d6 5. h3 O-O 6. Be3 e5 7. d5 a5 8. Nf3 Na6
9. Be2 Nc5 10. Qc2 Ne8 11. g4 Bd7 12. Rg1 f5 13. Bxc5 dxc5 14. gxf5 gxf5 15.
exf5 Bxf5 16. Bd3 Bxd3 17. Qxd3 Qf6 18. Rg3 Nd6 19. Ne4 Nxe4 20. Qxe4 Rf7 21.
O-O-O Raf8 22. Ng5 Qf4+ 23. Qxf4 Rxf4 24. Ne6 Rxc4+ 25. Kd2 Rxf2+ 26. Ke3 Rxb2
27. Rxg7+ Kh8 28. Rxc7 Rc3+ 29. Rd3 1-0

[Event "CEDIS Festival saha - 4. turnir"]
[Site "?"]
[Date "2022.09.03"]
[Round "3.6"]
[White "Grbovic, Dino"]
[Black "Lakusic, Zoran"]
[Result "0-1"]
[WhiteElo "1353"]
[BlackElo "1602"]
[PlyCount "104"]
[SourceVersionDate "2022.09.04"]

1. e4 c5 2. Nc3 Nc6 3. f4 d6 4. Bb5 a6 5. Bxc6+ bxc6 6. Nf3 g6 7. O-O Bg7 8. h3
Bb7 9. d3 e6 10. Be3 Qa5 11. e5 d5 12. Ne2 d4 13. Bd2 Qb6 14. Kh1 Nh6 15. Rg1
Nf5 16. g4 Ne7 17. b3 h5 18. g5 h4 19. Kh2 Nf5 20. Qe1 a5 21. Rg4 a4 22. b4
cxb4 23. Rb1 c5 24. Nxh4 Nxh4 25. Rxh4 Kd7 26. Rxh8 Rxh8 27. Ng3 Bf3 28. Ne4
Bxe4 29. Qxe4 Qc6 30. Qg2 Qxg2+ 31. Kxg2 a3 32. Be1 Bf8 33. h4 Be7 34. Kf3 Kc6
35. Ke4 Ra8 36. Bd2 Bd8 37. Be1 Ba5 38. Rb3 Kb5 39. Rb1 Rd8 40. Bf2 Bb6 41. Be1
Ra8 42. Bf2 c4 43. Bxd4 Bxd4 44. Kxd4 cxd3 45. Kxd3 Rd8+ 46. Ke3 Kc4 47. Ke2
Rh8 48. Rh1 Kc3 49. Kd1 Kb2 50. c3 Rd8+ 51. Ke1 bxc3 52. Rh2+ c2 0-1

[Event "CEDIS Festival saha - 4. turnir"]
[Site "?"]
[Date "2022.09.04"]
[Round "4.1"]
[White "Alivodic, Dario"]
[Black "Vujacic, Igor"]
[Result "1-0"]
[WhiteElo "2243"]
[BlackElo "2156"]
[PlyCount "57"]
[SourceVersionDate "2022.09.04"]

1. d4 Nf6 2. c4 g6 3. Nc3 Bg7 4. e4 d6 5. h3 O-O 6. Be3 c5 7. Nf3 cxd4 8. Nxd4
Nc6 9. Be2 Nxd4 10. Bxd4 Qa5 11. O-O Be6 12. f4 Nh5 13. f5 Bxd4+ 14. Qxd4 Ng3
15. Bd3 Nxf1 16. Rxf1 Bd7 17. Nd5 f6 18. Nxe7+ Kg7 19. Qxd6 Qe5 20. Qxe5 fxe5
21. g4 Kf6 22. Nd5+ Kg5 23. Kg2 h5 24. Kg3 hxg4 25. hxg4 Bc6 26. Nc7 gxf5 27.
exf5 Rae8 28. Nxe8 Rxe8 29. Be2 1-0

[Event "CEDIS Festival saha - 4. turnir"]
[Site "?"]
[Date "2022.09.04"]
[Round "4.3"]
[White "Samardzic, Slavisa"]
[Black "Dedic, Slavko"]
[Result "0-1"]
[WhiteElo "1608"]
[BlackElo "1814"]
[PlyCount "142"]
[SourceVersionDate "2022.09.04"]

1. e4 d6 2. d4 Nf6 3. Nc3 g6 4. Be2 Bg7 5. Be3 O-O 6. Qd2 c6 7. Bh6 Qb6 8. Bxg7
Kxg7 9. Rb1 a5 10. Nf3 a4 11. a3 Qa5 12. O-O Nbd7 13. Rfe1 b6 14. e5 Ng8 15.
exd6 exd6 16. Qf4 d5 17. Qd6 Nb8 18. Bd3 b5 19. Re3 Qd8 20. Qxd8 Rxd8 21. Rbe1
Kf8 22. h3 Ra7 23. Na2 Re7 24. c3 Rxe3 25. Rxe3 Ne7 26. Nc1 Bf5 27. Nh4 Bxd3
28. Nxd3 Rd6 29. Nc5 Nd7 30. Nxd7+ Rxd7 31. g4 Rd6 32. Kf1 f6 33. Ke2 Nc8 34.
Nf3 Nb6 35. Nd2 Kf7 36. f4 Re6 37. Kd3 Rxe3+ 38. Kxe3 Ke6 39. Kd3 Kd6 40. Ke3
h6 41. h4 Ke6 42. Kf3 Nd7 43. Ke3 Nb6 44. Kf3 g5 45. f5+ Kd6 46. h5 c5 47. Ke3
Kc6 48. dxc5 Kxc5 49. b4+ axb3 50. Nxb3+ Kc4 51. Nd4 Na4 52. Nc6 Kxc3 53. Nd4
Kc4 54. Nf3 Nb6 55. Nd4 Nd7 56. Nc6 Kc5 57. Ne7 Ne5 58. Ng8 Nxg4+ 59. Kf3 Ne5+
60. Kg3 Nf7 61. Nxf6 Kd4 62. Nd7 Ke4 63. Nf6+ Ke5 64. Ne8 d4 65. Nc7 Nd6 66. f6
Kxf6 67. Kf3 Kf5 68. Nd5 g4+ 69. Kg3 Ne4+ 70. Kg2 d3 71. Ne3+ Kg5 0-1

[Event "CEDIS Festival saha - 4. turnir"]
[Site "?"]
[Date "2022.09.04"]
[Round "4.5"]
[White "Lakusic, Zoran"]
[Black "Mitric, Nebojsa"]
[Result "0-1"]
[WhiteElo "1602"]
[BlackElo "1815"]
[PlyCount "98"]
[SourceVersionDate "2022.09.04"]

1. c4 Nf6 2. Nc3 g6 3. e4 d6 4. d4 c6 5. Nf3 Bg4 6. Be2 Qc7 7. O-O e5 8. d5 Bg7
9. Qc2 O-O 10. Be3 Nbd7 11. Rfc1 Nh5 12. Ng5 Bxe2 13. Qxe2 h6 14. Nh3 Kh7 15.
Na4 Qa5 16. dxc6 bxc6 17. b3 Nf4 18. Nxf4 exf4 19. Bd2 Qa6 20. Bc3 Ne5 21. Rc2
Qc8 22. f3 g5 23. h3 h5 24. Rd1 Qe6 25. Rcd2 Rad8 26. Bb4 g4 27. Rxd6 gxf3 28.
Qf2 Rxd6 29. Rxd6 Qc8 30. Qh4 fxg2 31. Qxf4 Qxh3 32. Qf5+ Qxf5 33. exf5 Rg8 34.
Kxg2 Bf8+ 35. Kh3 Bxd6 36. Bxd6 f6 37. Be7 Ng4 38. Nc5 Re8 39. Bd6 Ne3 40. Nd7
Kg7 41. Bf4 Nxf5 42. Nc5 Re2 43. a4 Rf2 44. b4 Kf7 45. Bb8 Rf3+ 46. Kg2 Rc3 47.
Bxa7 Rxc4 48. b5 cxb5 49. axb5 Nd6 0-1

[Event "CEDIS Festival saha - 4. turnir"]
[Site "?"]
[Date "2022.09.04"]
[Round "4.6"]
[White "Grbovic, Dino"]
[Black "Soc, Bogdan"]
[Result "1/2-1/2"]
[WhiteElo "1353"]
[BlackElo "1657"]
[PlyCount "101"]
[SourceVersionDate "2022.09.04"]

1. d4 d5 2. c4 c6 3. Nf3 Nf6 4. g3 Bg4 5. Ne5 Bf5 6. Bg2 Nbd7 7. Nxd7 Qxd7 8.
b3 Be4 9. O-O e6 10. f3 Bg6 11. Bb2 dxc4 12. bxc4 c5 13. e3 cxd4 14. exd4 Be7
15. Nd2 O-O 16. Rc1 b5 17. f4 Rac8 18. Qb3 bxc4 19. Nxc4 Rb8 20. Qe3 Nd5 21.
Qe2 Qb5 22. Rf2 Rfc8 23. Ne5 Rxc1+ 24. Bxc1 Qxe2 25. Rxe2 Rb1 26. Re1 Bb4 27.
Rf1 Bc2 28. Bxd5 exd5 29. Be3 Rxf1+ 30. Kxf1 a6 31. Ke2 Bb1 32. Nc6 Ba3 33. Bd2
Bxa2 34. Na5 Bb2 35. Ke3 Ba3 36. Kd3 Kf8 37. Kc2 Ke7 38. Bc3 Ke6 39. Bb2 Bb4
40. Bc3 Bxa5 41. Bxa5 Kf5 42. Be1 Kg4 43. h4 Kf3 44. f5 Ke2 45. Bd2 Bc4 46. f6
g6 47. Bf4 a5 48. Kb2 a4 49. Ka3 Bb3 50. Be5 Kf3 51. Kb2 1/2-1/2

[Event "CEDIS Festival saha - 4. turnir"]
[Site "?"]
[Date "2022.09.04"]
[Round "5.1"]
[White "Dedic, Slavko"]
[Black "Alivodic, Dario"]
[Result "0-1"]
[WhiteElo "1814"]
[BlackElo "2243"]
[PlyCount "184"]
[SourceVersionDate "2022.09.04"]

1. e4 c5 2. Nf3 e6 3. d4 cxd4 4. Nxd4 Nf6 5. Bd3 Nc6 6. c3 e5 7. Nb3 Be7 8. O-O
O-O 9. Bg5 Ne8 10. Be3 d6 11. f4 exf4 12. Bxf4 Ne5 13. Be2 Nf6 14. Qd4 Qc7 15.
Na3 Be6 16. h3 a6 17. Kh1 Rfd8 18. Rfd1 Nfd7 19. Qe3 Bxb3 20. axb3 Nc5 21. b4
Ne6 22. Bh2 Bg5 23. Qf2 b5 24. Bf1 Qc6 25. Re1 Ng6 26. g3 Bf6 27. Bg2 Be5 28.
Nc2 Ne7 29. Ne3 Qc7 30. Ng4 a5 31. Nxe5 dxe5 32. bxa5 Rxa5 33. Bg1 g5 34. Rxa5
Qxa5 35. Qe2 b4 36. Rc1 bxc3 37. bxc3 Qa3 38. Be3 Rc8 39. Qd2 h6 40. Kh2 Rd8
41. Qe2 Kg7 42. Rc2 Rc8 43. Qe1 Nc6 44. Qc1 Qa4 45. Qb2 Ncd4 46. Rc1 Nb3 47.
Rb1 Nbc5 48. Ra1 Qc4 49. Qb4 Qd3 50. Bg1 Qc2 51. Rf1 Rc7 52. Bxc5 Rxc5 53. Qb7
Rc7 54. Qb8 Qxc3 55. Rf5 Nd4 56. Rf1 Ne6 57. Rf5 Qd4 58. Qe8 Qd6 59. Qb5 Qc5
60. Qe8 Qe7 61. Qb5 Rc5 62. Qb8 Nd4 63. Rf1 Rc2 64. Qa8 h5 65. Qb8 h4 66. g4
Rc6 67. Qb1 Rf6 68. Qc1 Rxf1 69. Qxf1 Qa3 70. Qf2 Qc1 71. Qf1 Qf4+ 72. Kg1 Nc2
73. Qe2 Ne3 74. Qf3 Nc2 75. Qe2 Nd4 76. Qf2 Qxf2+ 77. Kxf2 Kf6 78. Ke3 Ke6 79.
Bf1 Kd6 80. Kd3 Kc5 81. Kc3 Ne6 82. Be2 Nf4 83. Bf1 f6 84. Kd2 Kd4 85. Ke1 Kxe4
86. Kf2 Ne6 87. Bg2+ Kf4 88. Bd5 Nd4 89. Kg2 e4 90. Bc4 e3 91. Kf1 Kg3 92. Kg1
Kxh3 0-1

[Event "CEDIS Festival saha - 4. turnir"]
[Site "?"]
[Date "2022.09.04"]
[Round "5.4"]
[White "Djukic, Katarina"]
[Black "Mitric, Nebojsa"]
[Result "0-1"]
[WhiteElo "1536"]
[BlackElo "1815"]
[PlyCount "104"]
[SourceVersionDate "2022.09.04"]

1. e4 c6 2. d4 d6 3. Nf3 Bg4 4. h3 Bxf3 5. Qxf3 e5 6. dxe5 dxe5 7. Bc4 Qc7 8.
O-O Nf6 9. Bg5 Nbd7 10. a4 Be7 11. Nd2 Rb8 12. a5 O-O 13. Qg3 Nh5 14. Qh4 Bxg5
15. Qxg5 Nf4 16. Nf3 h6 17. Qe7 Ng6 18. Qa3 b5 19. axb6 axb6 20. c3 b5 21. Bb3
c5 22. Rfd1 Qb7 23. Qa7 Nb6 24. Qxb7 Rxb7 25. Bd5 Rd7 26. Bc6 Rxd1+ 27. Rxd1 b4
28. cxb4 cxb4 29. h4 Rc8 30. Bd5 Nxd5 31. Rxd5 Rc1+ 32. Kh2 Rc2 33. h5 Nf4 34.
Rxe5 Rxb2 35. Rb5 Ne6 36. Ne1 b3 37. Nd3 Rb1 38. Kg3 Kf8 39. f4 Nd4 40. Rb4 Rd1
41. Nb2 Rd2 42. Nc4 Rc2 43. Na3 Rc3+ 44. Kh2 Rd3 45. Kg1 Ne2+ 46. Kf2 Nxf4 47.
g4 Ke7 48. Nc4 Rh3 49. Na5 Nd3+ 50. Kg2 Nxb4 51. Kxh3 b2 52. Nc4 b1=Q 0-1

[Event "CEDIS Festival saha - 4. turnir"]
[Site "?"]
[Date "2022.09.04"]
[Round "5.5"]
[White "Vesovic, Nebojsa"]
[Black "Samardzic, Slavisa"]
[Result "1/2-1/2"]
[WhiteElo "1846"]
[BlackElo "1608"]
[PlyCount "24"]
[SourceVersionDate "2022.09.04"]

1. Nf3 Nf6 2. c4 e6 3. d4 d5 4. Nc3 Nbd7 5. Bg5 Be7 6. e3 h6 7. Bxf6 Nxf6 8.
Bd3 O-O 9. O-O a6 10. Rc1 dxc4 11. Bxc4 b5 12. Bd3 Bb7 1/2-1/2

[Event "CEDIS Festival saha - 4. turnir"]
[Site "?"]
[Date "2022.09.04"]
[Round "5.6"]
[White "Soc, Bogdan"]
[Black "Lakusic, Zoran"]
[Result "1-0"]
[WhiteElo "1657"]
[BlackElo "1602"]
[PlyCount "43"]
[SourceVersionDate "2022.09.04"]

1. d4 Nf6 2. c4 e6 3. Nc3 Bb4 4. Qc2 c5 5. dxc5 Bxc5 6. Nf3 h6 7. g3 Ng4 8. Ne4
Qb6 9. Nxc5 Qxc5 10. e3 Nc6 11. a3 a5 12. Bg2 O-O 13. O-O Rd8 14. b3 b5 15. Qe2
Ba6 16. Nd4 Nge5 17. cxb5 Nxd4 18. exd4 Bxb5 19. Qxe5 Qc3 20. Qxb5 Rab8 21. Qc4
Qxa1 22. Bf4 1-0